| Tag |
First Indicator |
Second Indicator |
Subfields |
| LEADER |
00000cam a2200000 a 4500 |
| 001 |
in00000080703 |
| 005 |
20151008054043.0 |
| 008 |
800313s1979 sp a b 00000 spam |
| 010 |
|
|
|a 79125248
|
| 015 |
|
|
|a Sp
|
| 020 |
|
|
|a 8424502612
|
| 035 |
|
|
|a (OCoLC)05927330
|
| 035 |
|
|
|9 AAH9480AM
|
| 040 |
|
|
|a DLC
|c DLC
|d m.c.
|d TXA
|d UtOrBLW
|
| 049 |
|
|
|a TXAM
|c [1654717]
|
| 050 |
0 |
0 |
|a PQ6601.R58
|b Z67
|
| 245 |
0 |
0 |
|a Fernando Arrabal /
|c edicion de Angel y Joan Berenguer.
|
| 264 |
|
1 |
|a Madrid :
|b Fundamentos,
|c [1979]
|
| 264 |
|
4 |
|c ©1979
|
| 300 |
|
|
|a 288 pages :
|b illustrations ;
|c 20 cm.
|
| 336 |
|
|
|a text
|b txt
|2 rdacontent
|
| 337 |
|
|
|a unmediated
|b n
|2 rdamedia
|
| 338 |
|
|
|a volume
|b nc
|2 rdacarrier
|
| 490 |
1 |
|
|a Espiral ;
|v 32
|
| 504 |
|
|
|a Bibliography: pages 262-288.
|
| 600 |
1 |
0 |
|a Arrabal, Fernando
|x Criticism and interpretation.
|
| 700 |
1 |
|
|a Berenguer, Angel.
|
| 700 |
1 |
|
|a Berenguer, Joan P.
|
| 830 |
|
0 |
|a Espiral ;
|v 32.
|
| 999 |
|
|
|a MARS
|
| 999 |
f |
f |
|s 39629e68-4d60-3264-bb36-93469c7f497e
|i c85b9710-4109-3215-847c-89077e9494f3
|t 0
|
| 952 |
f |
f |
|p normal
|a Texas A&M University
|b College Station
|c Sterling C. Evans Library
|d Evans: Library Stacks
|t 0
|e PQ6601.R58 Z67
|h Library of Congress classification
|i unmediated -- volume
|m A14806181699
|
| 998 |
f |
f |
|a PQ6601.R58 Z67
|t 0
|l Evans: Library Stacks
|